| 000 | 00774nam a2200253Ia 4500 | ||
|---|---|---|---|
| 003 | IN-BaIIA | ||
| 008 | 211028s9999 xx 000 0 eng d | ||
| 020 | _a0-8165-1123-3 | ||
| 040 | _cIIA Library | ||
| 080 |
_a523.44 _bAST-II |
||
| 100 |
_aBinzel, Richard P. _916675 |
||
| 245 | 0 |
_aAsteriods II _cRichard P. Binzel, Tom Gehrels and M. S. Matthews |
|
| 260 |
_aTucson _bUniversity of Arizona Press _c1989 |
||
| 300 | _axii,1258p. | ||
| 490 | _aSpace science series | ||
| 650 |
_aAsteroids _94064 |
||
| 650 | _aAstronomy and astrophysics thesaurus | ||
| 650 | _aMeteorites | ||
| 650 |
_aMinor planets _91374 |
||
| 650 | _aSolar system | ||
| 700 |
_aGehrels, Tom _912980 |
||
| 700 |
_aMatthews, M. S. _916676 |
||
| 942 | _cBK | ||
| 999 |
_c9842 _d9842 |
||